02286nam a2200421 a 450000100060000000300090000600500170001500800410003202000210007302000270009402000270012102000270014802000270017502000270020202000270022902000270025602000270028302000270031002000210033702000280035802000280038603500180041404000380043204100110047008200250048110000330050624500820053924600350062126000350065630000190069150509520071065000480166270000310171070000320174170000150177370000310178883000450181962666BD-RjUL 20211209081117.0170125m19702003enk 000 0 eng d a041603280X (v.1) a0413390004 (v.2, pt.1) a0413390209 (v.2, pt.2) a0413395901 (v.2, pt.3) a0413473406 (v.3, pt.1) a041347240x (v.4, pt.3) a0413390608 (v.5, pt.1) a0413472604 (v.6, pt.1) a0413472701 (v.6, pt.2) a0413472809 (v.6, pt.3) a0413368408 (v.7) a0413370402 (v.7 : pbk.) a0413758702 (v.8 : hbk.) aBD-RjUL 62792 aDLCcDLCdm.cdEQOdBD-RjUL beng1 aengger a832 223 bBRC 1976 1 aBrecht, Bertolt,d1898-1956.10aCollected plays /cBertolt Brecht ; edited by John Willett and Ralph Manheim.00aBertolt Brecht collected plays aLondon :bMethuen,c1970-2003. a8 v. ;c23 cm.1 av. 1. Baal. Drums in the night. In the jungle of cities. The life of Edward II of England. A respectable wedding. The beggar of the dead dog. Driving out a devil. Lux in tenebris. The catch -- v. 2, pt. 1. Man equals man and The elephant calf -- v. 2, pt. 2. The threepenny opera -- v. 2, pt. 3. The rise and fall of the city of Mahagonny and The seven deadly sins of the petty bourgeoisie -- v. 3, pt. 1. Saint Joan of the stockyards -- v. 4, pt. 3. Fear and misery of the Third Reich. Señora Carrar's rifles -- v. 5, pt. 1. Life of Galileo -- v. 6, pt. 1. the good person of Szechwan -- v. 6, pt. 2. The resistible rise of Arturo Ui -- v. 6. pt. 3. Mr Puntila and his man Matti -- v. 7. The visions of Simone Machard. Schweyk in the Second World War. The Caucasian chalk circle. The Duchess of Malfi -- v. 8. The Antigone of Sophocles. The days of the commune. Turandot or The whitewashers' congress / edited by Tom Kuhn and David Constantine. aDrama in German xEnglish textsy1900-1945 1 aWillett, John,d1917-2002.1 aManheim, Ralph,d1907-1992.1 aKuhn, Tom.1 aConstantine, David,d1944- 0aBertolt Brecht : plays, poetry and prose